[Event "DVM U14 2020"]
[Site "Willingen GER"]
[Date "2021.06.26"]
[Round "6"]
[White "Eilenberg, Jonas"]
[Black "Garner, Isaac"]
[Result "1/2-1/2"]
[Termination "normal"]
[Board "1.1"]
[WhiteElo "2126"]
[BlackElo "2095"]
[WhiteClock "00:39:55"]
[BlackClock "00:14:56"]
[WhiteTeam "SV Königsjäger Süd-West e.V."]
[BlackTeam "Hamburger SK von 1830"]
[PlyCount "59"]
[WhiteFideId "16204271"]
[BlackFideId "16239261"]
[EventCountry "GER"]
[EventRounds "7"]
[EventType "team-swiss"]
[EventDate "2021.06.23"]

1. d4 {[%clk 1:30:57]} Nf6 {[%clk 1:30:53]} 2. c4 {[%clk 1:31:21]} e6 {[%clk
1:31:19]} 3. Nc3 {[%clk 1:31:46]} Bb4 {[%clk 1:31:44]} 4. Bd2 {[%clk 1:32:12]}
c5 {[%clk 1:31:39]} 5. d5 {[%clk 1:31:54]} O-O {[%clk 1:31:44]} 6. f3 {[%clk
1:29:23]} d6 {[%clk 1:04:04]} 7. e4 {[%clk 1:26:54]} Nbd7 {[%clk 1:03:19]} 8.
Nge2 {[%clk 1:21:21]} Ne5 {[%clk 1:01:00]} 9. Ng3 {[%clk 1:14:10]} exd5 {[%clk
0:58:10]} 10. Nxd5 {[%clk 1:10:24]} Nxd5 {[%clk 0:58:05]} 11. cxd5 {[%clk
1:10:16]} Bxd2+ {[%clk 0:58:15]} 12. Qxd2 {[%clk 1:10:40]} f5 {[%clk 0:56:01]}
13. O-O-O {[%clk 1:06:17]} fxe4 {[%clk 0:50:56]} 14. Nxe4 {[%clk 1:06:33]} Bf5
{[%clk 0:51:17]} 15. Bd3 {[%clk 1:05:26]} Nxd3+ {[%clk 0:50:27]} 16. Qxd3
{[%clk 1:05:48]} Bxe4 {[%clk 0:50:41]} 17. Qxe4 {[%clk 1:05:28]} Qg5+ {[%clk
0:50:26]} 18. Kb1 {[%clk 1:05:22]} Rae8 {[%clk 0:50:02]} 19. Qc2 {[%clk
1:04:02]} Re3 {[%clk 0:42:30]} 20. Rhe1 {[%clk 0:54:41]} Rfe8 {[%clk 0:31:19]}
21. Rxe3 {[%clk 0:54:31]} Rxe3 {[%clk 0:30:47]} 22. a3 {[%clk 0:49:14]} Qe5
{[%clk 0:28:02]} 23. Rd2 {[%clk 0:42:52]} b5 {[%clk 0:26:53]} 24. Rd3 {[%clk
0:41:11]} Re2 {[%clk 0:24:21]} 25. Rd2 {[%clk 0:41:33]} Re1+ {[%clk 0:23:24]}
26. Rd1 {[%clk 0:41:51]} Re2 {[%clk 0:21:40]} 27. Rd2 {[%clk 0:39:22]} Re1+
{[%clk 0:20:59]} 28. Rd1 {[%clk 0:39:26]} Re3 {[%clk 0:19:23]} 29. Rd3 {[%clk
0:39:46]} Re2 {[%clk 0:14:56]} 30. Rd2 {[%clk 0:39:55]} 1/2-1/2

[Event "DVM U14 2020"]
[Site "Willingen GER"]
[Date "2021.06.26"]
[Round "6"]
[White "Huo, Da"]
[Black "Rose, Daniel"]
[Result "1/2-1/2"]
[Termination "normal"]
[Board "1.2"]
[WhiteElo "1918"]
[BlackElo "1816"]
[WhiteClock "00:05:24"]
[BlackClock "00:18:10"]
[WhiteTeam "Hamburger SK von 1830"]
[BlackTeam "SV Königsjäger Süd-West e.V."]
[PlyCount "104"]
[WhiteFideId "16221206"]
[BlackFideId "16242963"]
[EventCountry "GER"]
[EventRounds "7"]
[EventType "team-swiss"]
[EventDate "2021.06.23"]

1. e4 {[%clk 1:30:58]} d5 {[%clk 1:30:56]} 2. exd5 {[%clk 1:31:23]} Qxd5 {[%clk
1:31:21]} 3. Nf3 {[%clk 1:31:33]} c6 {[%clk 1:31:29]} 4. Be2 {[%clk 1:27:54]}
Qa5 {[%clk 1:31:25]} 5. O-O {[%clk 1:26:09]} Nf6 {[%clk 1:31:52]} 6. d4 {[%clk
1:26:28]} Qc7 {[%clk 1:32:19]} 7. c4 {[%clk 1:26:32]} Bf5 {[%clk 1:32:22]} 8.
Nc3 {[%clk 1:26:10]} e6 {[%clk 1:32:06]} 9. Nh4 {[%clk 1:10:02]} Bg6 {[%clk
1:32:01]} 10. Bf3 {[%clk 0:59:37]} Bb4 {[%clk 1:15:31]} 11. Re1 {[%clk
0:50:45]} Bxc3 {[%clk 1:14:49]} 12. bxc3 {[%clk 0:49:06]} Na6 {[%clk 1:13:30]}
13. g3 {[%clk 0:42:38]} O-O {[%clk 1:09:56]} 14. Nxg6 {[%clk 0:41:15]} hxg6
{[%clk 1:10:19]} 15. Bf4 {[%clk 0:41:16]} Qd7 {[%clk 1:09:19]} 16. Rb1 {[%clk
0:40:57]} Rfe8 {[%clk 0:28:41]} 17. Re2 {[%clk 0:33:17]} Rec8 {[%clk 0:18:06]}
18. Reb2 {[%clk 0:32:50]} b6 {[%clk 0:18:19]} 19. a4 {[%clk 0:17:34]} Nc7
{[%clk 0:15:17]} 20. a5 {[%clk 0:17:00]} b5 {[%clk 0:14:59]} 21. Bxc7 {[%clk
0:16:41]} Qxc7 {[%clk 0:15:19]} 22. cxb5 {[%clk 0:17:05]} Nd5 {[%clk 0:08:39]}
23. Bxd5 {[%clk 0:13:46]} cxd5 {[%clk 0:08:42]} 24. b6 {[%clk 0:13:57]} axb6
{[%clk 0:09:01]} 25. axb6 {[%clk 0:14:26]} Qb7 {[%clk 0:09:15]} 26. Qb3 {[%clk
0:14:13]} Ra6 {[%clk 0:09:30]} 27. Qb5 {[%clk 0:04:42]} Kh7 {[%clk 0:06:10]}
28. Rb3 {[%clk 0:03:40]} Ra2 {[%clk 0:05:10]} 29. Qd3 {[%clk 0:02:00]} Rc6
{[%clk 0:05:32]} 30. g4 {[%clk 0:01:58]} Ra4 {[%clk 0:05:11]} 31. Qb5 {[%clk
0:01:55]} Ra8 {[%clk 0:04:51]} 32. Kg2 {[%clk 0:00:49]} Rd6 {[%clk 0:04:03]}
33. Qc5 {[%clk 0:00:45]} Rc6 {[%clk 0:04:20]} 34. Qb5 {[%clk 0:01:09]} Rd6
{[%clk 0:04:45]} 35. Qd3 {[%clk 0:01:13]} Ra6 {[%clk 0:04:31]} 36. Qb5 {[%clk
0:00:36]} Rdxb6 {[%clk 0:03:34]} 37. Qxb6 {[%clk 0:00:34]} Rxb6 {[%clk
0:04:03]} 38. Rxb6 {[%clk 0:01:03]} Qc7 {[%clk 0:04:24]} 39. R1b3 {[%clk
0:00:38]} Qf4 {[%clk 0:04:50]} 40. h3 {[%clk 0:00:37]} Qe4+ {[%clk 0:04:18]}
41. Kg3 {[%clk 0:27:01]} Qe1 {[%clk 0:33:55]} 42. Kg2 {[%clk 0:24:41]} Kh6
{[%clk 0:28:39]} 43. h4 {[%clk 0:22:05]} Qe4+ {[%clk 0:26:59]} 44. Kg3 {[%clk
0:21:11]} f5 {[%clk 0:25:09]} 45. gxf5 {[%clk 0:10:53]} gxf5 {[%clk 0:24:43]}
46. Rb1 {[%clk 0:04:22]} Qg4+ {[%clk 0:21:38]} 47. Kh2 {[%clk 0:04:41]} Qxh4+
{[%clk 0:21:52]} 48. Kg2 {[%clk 0:05:09]} Qe4+ {[%clk 0:20:35]} 49. Kf1 {[%clk
0:04:59]} Qd3+ {[%clk 0:20:12]} 50. Kg2 {[%clk 0:05:18]} Qe4+ {[%clk 0:18:29]}
51. Kf1 {[%clk 0:05:24]} Kg5 {[%clk 0:18:10]} 52. Re1 {[%clk 0:05:24]} Qd3+
1/2-1/2

[Event "DVM U14 2020"]
[Site "Willingen GER"]
[Date "2021.06.26"]
[Round "6"]
[White "Korek, Jakob Alexander"]
[Black "Fuhrmann, Bahne"]
[Result "1/2-1/2"]
[Termination "normal"]
[Board "1.3"]
[WhiteElo "1663"]
[BlackElo "1849"]
[WhiteClock "00:41:13"]
[BlackClock "00:09:37"]
[WhiteTeam "SV Königsjäger Süd-West e.V."]
[BlackTeam "Hamburger SK von 1830"]
[PlyCount "145"]
[WhiteFideId "16240022"]
[BlackFideId "16244842"]
[EventCountry "GER"]
[EventRounds "7"]
[EventType "team-swiss"]
[EventDate "2021.06.23"]

1. d4 {[%clk 1:30:57]} Nf6 {[%clk 1:30:56]} 2. c4 {[%clk 1:31:12]} e6 {[%clk
1:31:22]} 3. g3 {[%clk 1:31:33]} d5 {[%clk 1:31:37]} 4. Nf3 {[%clk 1:31:50]} c5
{[%clk 1:31:42]} 5. cxd5 {[%clk 1:31:42]} exd5 {[%clk 1:31:51]} 6. Bg2 {[%clk
1:31:53]} Nc6 {[%clk 1:29:41]} 7. O-O {[%clk 1:30:41]} c4 {[%clk 1:26:20]} 8.
Nc3 {[%clk 1:29:36]} Bb4 {[%clk 1:24:28]} 9. Qc2 {[%clk 1:28:07]} O-O {[%clk
1:23:54]} 10. Bg5 {[%clk 1:27:16]} Bxc3 {[%clk 1:24:05]} 11. Qxc3 {[%clk
1:26:23]} Bf5 {[%clk 1:21:16]} 12. Nh4 {[%clk 1:24:35]} Be6 {[%clk 1:21:15]}
13. Rad1 {[%clk 1:23:34]} Ne4 {[%clk 1:16:32]} 14. Bxd8 {[%clk 1:22:28]} Nxc3
{[%clk 1:16:57]} 15. bxc3 {[%clk 1:22:46]} Rfxd8 {[%clk 1:17:21]} 16. e4 {[%clk
1:21:57]} Ne7 {[%clk 1:17:29]} 17. Rfe1 {[%clk 1:20:38]} dxe4 {[%clk 1:16:31]}
18. Bxe4 {[%clk 1:19:19]} Nd5 {[%clk 1:15:54]} 19. Bxd5 {[%clk 1:19:01]} Rxd5
{[%clk 1:12:24]} 20. Ng2 {[%clk 1:17:59]} Ra5 {[%clk 1:12:34]} 21. Ne3 {[%clk
1:13:53]} b5 {[%clk 1:08:53]} 22. Rb1 {[%clk 1:11:35]} g5 {[%clk 1:07:30]} 23.
d5 {[%clk 1:09:08]} Bd7 {[%clk 1:07:46]} 24. Rb2 {[%clk 1:07:44]} Re8 {[%clk
1:04:59]} 25. Kf1 {[%clk 1:05:15]} Bh3+ {[%clk 0:53:46]} 26. Kg1 {[%clk
1:05:21]} Bd7 {[%clk 0:50:45]} 27. Nc2 {[%clk 1:01:14]} Rxe1+ {[%clk 0:48:31]}
28. Nxe1 {[%clk 1:01:26]} Ra3 {[%clk 0:45:26]} 29. Rc2 {[%clk 0:52:58]} Bf5
{[%clk 0:39:50]} 30. d6 {[%clk 0:52:26]} Kf8 {[%clk 0:38:28]} 31. Rd2 {[%clk
0:52:07]} Bd7 {[%clk 0:36:55]} 32. Rc2 {[%clk 0:47:35]} f6 {[%clk 0:31:54]} 33.
Nf3 {[%clk 0:45:32]} b4 {[%clk 0:31:33]} 34. Nd4 {[%clk 0:40:31]} Rxc3 {[%clk
0:27:09]} 35. Rxc3 {[%clk 0:40:14]} bxc3 {[%clk 0:27:28]} 36. Kf1 {[%clk
0:40:33]} Ke8 {[%clk 0:26:15]} 37. Ke1 {[%clk 0:40:02]} Ba4 {[%clk 0:25:10]}
38. Ne2 {[%clk 0:39:29]} c2 {[%clk 0:23:06]} 39. Kd2 {[%clk 0:39:33]} Kd7
{[%clk 0:23:28]} 40. Nc3 {[%clk 0:39:30]} Bc6 {[%clk 0:23:13]} 41. Kxc2 {[%clk
0:39:38]} Kxd6 {[%clk 0:23:36]} 42. Kd2 {[%clk 0:39:00]} Kc5 {[%clk 0:21:20]}
43. a3 {[%clk 0:38:20]} Kd4 {[%clk 0:20:56]} 44. Kc2 {[%clk 0:37:14]} Be4+
{[%clk 0:21:02]} 45. Kd2 {[%clk 0:37:02]} Bc6 {[%clk 0:19:12]} 46. Kc2 {[%clk
0:37:07]} a6 {[%clk 0:19:35]} 47. Kd2 {[%clk 0:36:04]} Be4 {[%clk 0:19:38]} 48.
Ne2+ {[%clk 0:35:56]} Ke5 {[%clk 0:17:43]} 49. Ke3 {[%clk 0:34:36]} Bd3 {[%clk
0:16:57]} 50. Nc3 {[%clk 0:34:16]} Kf5 {[%clk 0:15:10]} 51. f3 {[%clk 0:31:54]}
Ke5 {[%clk 0:13:19]} 52. Nd1 {[%clk 0:31:00]} Kd5 {[%clk 0:13:07]} 53. Nc3+
{[%clk 0:30:23]} Kc5 {[%clk 0:11:40]} 54. Na4+ {[%clk 0:29:42]} Kd5 {[%clk
0:11:45]} 55. Nc3+ {[%clk 0:29:57]} Ke5 {[%clk 0:12:12]} 56. Nd1 {[%clk
0:30:03]} h6 {[%clk 0:12:37]} 57. Nc3 {[%clk 0:30:07]} Bc2 {[%clk 0:11:14]} 58.
Na2 {[%clk 0:29:38]} Ba4 {[%clk 0:10:36]} 59. Nc3 {[%clk 0:29:30]} Bc6 {[%clk
0:10:55]} 60. Ne2 {[%clk 0:29:15]} h5 {[%clk 0:10:11]} 61. Nc3 {[%clk 0:28:32]}
h4 {[%clk 0:09:45]} 62. Nd1 {[%clk 0:28:09]} Kd5 {[%clk 0:07:11]} 63. Nc3+
{[%clk 0:28:25]} Kc5 {[%clk 0:07:38]} 64. Nd1 {[%clk 0:28:27]} c3 {[%clk
0:27:51]} 65. Nxc3 {[%clk 0:57:03]} Kc4 {[%clk 0:28:08]} 66. Ne4 {[%clk
0:55:38]} a5 {[%clk 0:20:10]} 67. f4 {[%clk 0:47:43]} hxg3 {[%clk 0:15:28]} 68.
hxg3 {[%clk 0:47:39]} gxf4+ {[%clk 0:14:14]} 69. gxf4 {[%clk 0:46:47]} Kb3
{[%clk 0:11:28]} 70. Nxf6 {[%clk 0:45:56]} Kxa3 {[%clk 0:11:50]} 71. Ne4 {[%clk
0:45:30]} Kb4 {[%clk 0:10:54]} 72. Nc5 {[%clk 0:42:12]} Kc3 {[%clk 0:09:37]}
73. f5 {[%clk 0:41:13]} 1/2-1/2

[Event "DVM U14 2020"]
[Site "Willingen GER"]
[Date "2021.06.26"]
[Round "6"]
[White "Genov, Valentin"]
[Black "Abed, Karim"]
[Result "0-1"]
[Termination "normal"]
[Board "1.4"]
[WhiteTitle "CM"]
[WhiteElo "1826"]
[BlackElo "1626"]
[WhiteClock "00:05:51"]
[BlackClock "00:33:36"]
[WhiteTeam "Hamburger SK von 1830"]
[BlackTeam "SV Königsjäger Süd-West e.V."]
[PlyCount "122"]
[WhiteFideId "2919745"]
[BlackFideId "16242785"]
[EventCountry "GER"]
[EventRounds "7"]
[EventType "team-swiss"]
[EventDate "2021.06.23"]

1. d4 {[%clk 1:30:57]} Nf6 {[%clk 1:30:35]} 2. c4 {[%clk 1:31:23]} g6 {[%clk
1:30:58]} 3. Nc3 {[%clk 1:29:02]} d5 {[%clk 1:30:57]} 4. Nf3 {[%clk 1:28:41]}
Bg7 {[%clk 1:30:04]} 5. Bg5 {[%clk 1:28:12]} Ne4 {[%clk 1:30:11]} 6. cxd5
{[%clk 1:28:06]} Nxg5 {[%clk 1:29:49]} 7. Nxg5 {[%clk 1:28:31]} O-O {[%clk
1:26:38]} 8. Nf3 {[%clk 1:24:19]} c5 {[%clk 1:25:39]} 9. dxc6 {[%clk 1:21:03]}
Nxc6 {[%clk 1:24:59]} 10. e3 {[%clk 1:20:47]} Qb6 {[%clk 1:18:42]} 11. Qd2
{[%clk 0:59:15]} e5 {[%clk 1:16:03]} 12. d5 {[%clk 0:52:26]} Rd8 {[%clk
1:10:56]} 13. e4 {[%clk 0:50:11]} Nd4 {[%clk 1:06:48]} 14. Nxd4 {[%clk
0:39:25]} exd4 {[%clk 1:05:23]} 15. Na4 {[%clk 0:36:53]} Qd6 {[%clk 1:04:43]}
16. b3 {[%clk 0:34:46]} Re8 {[%clk 1:03:49]} 17. f3 {[%clk 0:29:57]} Qxd5
{[%clk 0:58:22]} 18. Bc4 {[%clk 0:27:29]} Qd6 {[%clk 0:56:45]} 19. O-O {[%clk
0:25:44]} Bd7 {[%clk 0:52:37]} 20. Nb2 {[%clk 0:23:44]} Bc6 {[%clk 0:50:10]}
21. Bd3 {[%clk 0:21:12]} b5 {[%clk 0:49:36]} 22. Rac1 {[%clk 0:20:12]} Rec8
{[%clk 0:39:44]} 23. Be2 {[%clk 0:16:27]} Qa3 {[%clk 0:30:53]} 24. Nd3 {[%clk
0:16:18]} Bd7 {[%clk 0:30:29]} 25. Nb4 {[%clk 0:10:59]} Qa5 {[%clk 0:24:46]}
26. Rxc8+ {[%clk 0:08:59]} Rxc8 {[%clk 0:22:28]} 27. Rd1 {[%clk 0:09:17]} Be6
{[%clk 0:20:58]} 28. Nd5 {[%clk 0:08:54]} Qxd2 {[%clk 0:20:49]} 29. Rxd2 {[%clk
0:09:23]} Bxd5 {[%clk 0:21:08]} 30. exd5 {[%clk 0:09:50]} Bh6 {[%clk 0:19:35]}
31. Rd1 {[%clk 0:09:56]} Be3+ {[%clk 0:19:55]} 32. Kf1 {[%clk 0:10:21]} Rc5
{[%clk 0:19:52]} 33. d6 {[%clk 0:07:38]} Kf8 {[%clk 0:19:47]} 34. Bd3 {[%clk
0:05:46]} Ke8 {[%clk 0:18:53]} 35. h3 {[%clk 0:04:31]} Kd7 {[%clk 0:18:39]} 36.
Ke2 {[%clk 0:04:30]} Kxd6 {[%clk 0:18:28]} 37. Kf1 {[%clk 0:04:31]} h5 {[%clk
0:16:58]} 38. Ke2 {[%clk 0:04:12]} h4 {[%clk 0:17:09]} 39. Kf1 {[%clk 0:04:35]}
Ke5 {[%clk 0:17:17]} 40. b4 {[%clk 0:02:29]} Rd5 {[%clk 0:15:53]} 41. Re1
{[%clk 0:26:41]} Kf4 {[%clk 0:41:01]} 42. Re2 {[%clk 0:26:26]} Kg3 {[%clk
0:40:22]} 43. Rc2 {[%clk 0:26:33]} Re5 {[%clk 0:40:15]} 44. Rc5 {[%clk
0:22:40]} Re7 {[%clk 0:39:46]} 45. Rc2 {[%clk 0:22:56]} a6 {[%clk 0:38:39]} 46.
Be4 {[%clk 0:11:12]} f5 {[%clk 0:38:11]} 47. Bd3 Re6 {[%clk 0:38:23]} 48. Re2
{[%clk 0:10:42]} Rc6 {[%clk 0:35:07]} 49. Rc2 {[%clk 0:11:09]} Rd6 {[%clk
0:35:14]} 50. Re2 {[%clk 0:10:49]} Bc1 {[%clk 0:33:20]} 51. Rc2 {[%clk
0:07:31]} Ba3 {[%clk 0:33:34]} 52. Re2 {[%clk 0:07:54]} Bxb4 {[%clk 0:33:51]}
53. Rc2 {[%clk 0:08:20]} Bc3 {[%clk 0:33:57]} 54. Re2 {[%clk 0:08:40]} a5
{[%clk 0:34:03]} 55. Rc2 {[%clk 0:08:33]} b4 {[%clk 0:33:45]} 56. Re2 {[%clk
0:08:50]} a4 {[%clk 0:33:45]} 57. Rc2 {[%clk 0:07:43]} b3 {[%clk 0:33:52]} 58.
Re2 {[%clk 0:08:10]} b2 {[%clk 0:33:54]} 59. Rf2 {[%clk 0:05:56]} Rb6 {[%clk
0:34:01]} 60. Bb1 {[%clk 0:06:18]} d3 {[%clk 0:33:33]} 61. Kg1 {[%clk 0:05:51]}
Bd4 {[%clk 0:33:36]} 0-1

[Event "DVM U14 2020"]
[Site "Willingen GER"]
[Date "2021.06.26"]
[Round "6"]
[White "Ermitsch, Magnus"]
[Black "Reichmann, Felix"]
[Result "1-0"]
[Termination "normal"]
[Board "2.1"]
[WhiteElo "2115"]
[BlackElo "1780"]
[WhiteTeam "SC Borussia Lichtenberg"]
[BlackTeam "Schachfreunde Nordost Berlin"]
[PlyCount "73"]
[WhiteFideId "16234464"]
[BlackFideId "16238290"]
[EventCountry "GER"]
[EventRounds "7"]
[EventType "team-swiss"]
[EventDate "2021.06.23"]

1. e4 c5 2. c3 g6 3. d4 cxd4 4. cxd4 d5 5. e5 Bg7 6. Nf3 Nh6 7. h3 O-O 8. Nc3
Nf5 9. Bf4 e6 10. Bd3 b6 11. Bxf5 exf5 12. O-O h6 13. h4 Ba6 14. Re1 Re8 15.
Rc1 Re6 16. Re3 Qd7 17. Ne1 Bf8 18. Rg3 Kh7 19. Qf3 Bb7 20. Be3 Na6 21. Nd3 Nc7
22. h5 Rd8 23. Nf4 Rc6 24. hxg6+ fxg6 25. e6 Nxe6 26. Nxg6 Ng7 27. Ne5 Qe6 28.
Nxc6 Bxc6 29. Ne2 Be8 30. Rh3 h5 31. Nf4 Qf7 32. Nd3 Bd6 33. Bf4 Ne6 34. Bxd6
Rxd6 35. Qe3 Qg6 36. Nf4 Qf7 37. Rxh5+ 1-0

[Event "DVM U14 2020"]
[Site "Willingen GER"]
[Date "2021.06.26"]
[Round "6"]
[White "Gutewort, Paul Emil"]
[Black "Klühs, Gustaf"]
[Result "0-1"]
[Termination "normal"]
[Board "2.2"]
[WhiteElo "1689"]
[BlackElo "1823"]
[WhiteClock "00:05:24"]
[BlackClock "00:58:32"]
[WhiteTeam "Schachfreunde Nordost Berlin"]
[BlackTeam "SC Borussia Lichtenberg"]
[PlyCount "68"]
[WhiteFideId "16204182"]
[BlackFideId "16228936"]
[EventCountry "GER"]
[EventRounds "7"]
[EventType "team-swiss"]
[EventDate "2021.06.23"]

1. c4 {[%clk 1:30:58]} b6 {[%clk 1:30:57]} 2. Nc3 {[%clk 1:31:22]} Bb7 {[%clk
1:31:24]} 3. e4 {[%clk 1:31:47]} e5 {[%clk 1:31:36]} 4. g3 {[%clk 1:28:24]} Nc6
{[%clk 1:31:46]} 5. Bg2 {[%clk 1:28:05]} Nf6 {[%clk 1:31:58]} 6. a3 {[%clk
1:27:27]} a5 {[%clk 1:31:09]} 7. Nge2 {[%clk 1:25:55]} Bc5 {[%clk 1:31:30]} 8.
Na4 {[%clk 1:24:37]} Nd4 {[%clk 1:30:29]} 9. Nxc5 {[%clk 1:20:29]} bxc5 {[%clk
1:30:41]} 10. d3 {[%clk 1:19:57]} O-O {[%clk 1:31:02]} 11. O-O {[%clk 1:20:20]}
d6 {[%clk 1:31:26]} 12. Rb1 {[%clk 1:19:48]} a4 {[%clk 1:30:27]} 13. Nxd4
{[%clk 1:16:27]} cxd4 {[%clk 1:30:45]} 14. h3 {[%clk 1:16:31]} Nd7 {[%clk
1:29:57]} 15. f4 {[%clk 1:15:19]} exf4 {[%clk 1:24:35]} 16. Bxf4 {[%clk
1:12:19]} Nc5 {[%clk 1:21:50]} 17. Qc2 {[%clk 1:07:31]} Qd7 {[%clk 1:19:00]}
18. g4 {[%clk 0:54:34]} Rab8 {[%clk 1:16:47]} 19. Rf2 {[%clk 0:46:26]} Bc6
{[%clk 1:16:26]} 20. Re1 {[%clk 0:45:14]} Rb3 {[%clk 1:16:46]} 21. Bf1 {[%clk
0:44:53]} Rfb8 {[%clk 1:12:25]} 22. Bc1 {[%clk 0:42:56]} Qe7 {[%clk 1:08:16]}
23. Qd1 {[%clk 0:40:30]} Qh4 {[%clk 1:06:38]} 24. Qf3 {[%clk 0:37:11]} f6
{[%clk 1:04:13]} 25. g5 {[%clk 0:24:12]} Rf8 {[%clk 1:03:45]} 26. Qd1 {[%clk
0:14:41]} f5 {[%clk 0:57:35]} 27. exf5 {[%clk 0:04:39]} Qg3+ {[%clk 0:57:23]}
28. Bg2 {[%clk 0:05:00]} Nxd3 {[%clk 0:57:14]} 29. Ree2 {[%clk 0:04:12]} Nxf2
{[%clk 0:57:33]} 30. Rxf2 {[%clk 0:04:17]} Rxf5 {[%clk 0:57:46]} 31. Qxd4
{[%clk 0:04:06]} Qxf2+ {[%clk 0:57:26]} 32. Qxf2 {[%clk 0:04:31]} Rxf2 {[%clk
0:57:49]} 33. Kxf2 {[%clk 0:04:57]} Bxg2 {[%clk 0:58:13]} 34. Kxg2 {[%clk
0:05:24]} Kf7 {[%clk 0:58:32]} 0-1

[Event "DVM U14 2020"]
[Site "Willingen GER"]
[Date "2021.06.26"]
[Round "6"]
[White "Zobel, Christian"]
[Black "Duduka, Artem"]
[Result "1/2-1/2"]
[Termination "normal"]
[Board "2.3"]
[WhiteElo "1587"]
[BlackElo "1613"]
[WhiteClock "00:30:38"]
[BlackClock "00:35:55"]
[WhiteTeam "SC Borussia Lichtenberg"]
[BlackTeam "Schachfreunde Nordost Berlin"]
[PlyCount "48"]
[WhiteFideId "16259068"]
[BlackFideId "14194805"]
[EventCountry "GER"]
[EventRounds "7"]
[EventType "team-swiss"]
[EventDate "2021.06.23"]

1. e4 {[%clk 1:30:28]} e5 {[%clk 1:30:26]} 2. Nf3 {[%clk 1:30:52]} Nc6 {[%clk
1:30:16]} 3. Bc4 {[%clk 1:31:03]} Be7 {[%clk 1:30:02]} 4. d4 {[%clk 1:31:20]}
exd4 {[%clk 1:29:09]} 5. Nxd4 {[%clk 1:31:33]} Nf6 {[%clk 1:27:43]} 6. Nc3
{[%clk 1:31:55]} O-O {[%clk 1:27:02]} 7. O-O {[%clk 1:30:59]} a6 {[%clk
1:24:09]} 8. a3 {[%clk 1:27:49]} d6 {[%clk 1:20:39]} 9. h3 {[%clk 1:24:53]}
Nxd4 {[%clk 1:19:10]} 10. Qxd4 {[%clk 1:25:08]} Be6 {[%clk 1:18:03]} 11. Be3
{[%clk 1:17:40]} Kh8 {[%clk 1:14:25]} 12. Rad1 {[%clk 1:10:50]} Nd7 {[%clk
1:12:57]} 13. f4 {[%clk 1:08:36]} Bf6 {[%clk 1:09:48]} 14. Qd3 {[%clk 1:06:59]}
Bxc4 {[%clk 1:02:27]} 15. Qxc4 {[%clk 1:07:09]} Bxc3 {[%clk 1:01:11]} 16. Qxc3
{[%clk 1:00:15]} Rc8 {[%clk 0:58:56]} 17. Bd4 {[%clk 0:55:25]} f6 {[%clk
0:56:09]} 18. Rfe1 {[%clk 0:50:25]} Qe7 {[%clk 0:48:50]} 19. Re2 {[%clk
0:40:11]} Qf7 {[%clk 0:44:32]} 20. Rde1 {[%clk 0:37:37]} c6 {[%clk 0:41:12]}
21. e5 {[%clk 0:30:10]} dxe5 {[%clk 0:37:22]} 22. fxe5 {[%clk 0:30:05]} fxe5
{[%clk 0:37:23]} 23. Bxe5 {[%clk 0:30:17]} Nxe5 {[%clk 0:37:46]} 24. Qxe5
{[%clk 0:30:38]} h6 {[%clk 0:35:55]} 1/2-1/2

[Event "DVM U14 2020"]
[Site "Willingen GER"]
[Date "2021.06.26"]
[Round "6"]
[White "Beck, Felix"]
[Black "Ruddat, Jarne"]
[Result "1-0"]
[Termination "normal"]
[Board "2.4"]
[WhiteElo "1526"]
[BlackElo "1385"]
[WhiteClock "00:10:17"]
[BlackClock "00:51:07"]
[WhiteTeam "Schachfreunde Nordost Berlin"]
[BlackTeam "SC Borussia Lichtenberg"]
[PlyCount "79"]
[WhiteFideId "16255364"]
[BlackFideId "16254236"]
[EventCountry "GER"]
[EventRounds "7"]
[EventType "team-swiss"]
[EventDate "2021.06.23"]

1. c4 {[%clk 1:30:57]} e5 {[%clk 1:30:57]} 2. g3 {[%clk 1:31:20]} Bc5 {[%clk
1:31:23]} 3. Bg2 {[%clk 1:30:49]} c6 {[%clk 1:31:48]} 4. d3 {[%clk 1:27:47]} d5
{[%clk 1:30:20]} 5. cxd5 {[%clk 1:19:32]} cxd5 {[%clk 1:30:40]} 6. Nf3 {[%clk
1:19:49]} Nc6 {[%clk 1:30:54]} 7. O-O {[%clk 1:19:31]} Bd7 {[%clk 1:28:13]} 8.
Nxe5 {[%clk 1:04:16]} Nxe5 {[%clk 1:28:15]} 9. d4 {[%clk 1:04:36]} Bb6 {[%clk
1:28:14]} 10. dxe5 {[%clk 1:04:36]} Be6 {[%clk 1:28:21]} 11. b3 {[%clk
1:00:44]} Ne7 {[%clk 1:22:13]} 12. Bb2 {[%clk 0:59:29]} Qd7 {[%clk 1:16:48]}
13. Nd2 {[%clk 0:56:22]} Rd8 {[%clk 1:10:00]} 14. Nf3 {[%clk 0:53:09]} O-O
{[%clk 1:07:20]} 15. e3 {[%clk 0:49:00]} Nc6 {[%clk 1:06:42]} 16. Rc1 {[%clk
0:45:41]} Rfe8 {[%clk 0:59:43]} 17. Bd4 {[%clk 0:24:19]} Bc7 {[%clk 0:54:49]}
18. Qd2 {[%clk 0:22:52]} Bg4 {[%clk 0:54:01]} 19. Qc3 {[%clk 0:19:28]} Bxf3
{[%clk 0:53:44]} 20. Bxf3 {[%clk 0:19:56]} Nxe5 {[%clk 0:53:49]} 21. Bg2 {[%clk
0:18:40]} Bb8 22. Rfd1 {[%clk 0:17:41]} Rc8 {[%clk 0:51:51]} 23. Qb2 {[%clk
0:17:02]} Rxc1 {[%clk 0:51:32]} 24. Qxc1 {[%clk 0:17:30]} Rc8 {[%clk 0:51:48]}
25. Qb2 {[%clk 0:17:48]} Qe6 {[%clk 0:51:32]} 26. Bxe5 {[%clk 0:17:36]} Bxe5
{[%clk 0:51:48]} 27. Qd2 {[%clk 0:17:51]} g6 {[%clk 0:49:41]} 28. Qxd5 {[%clk
0:16:19]} Qxd5 {[%clk 0:49:29]} 29. Rxd5 {[%clk 0:16:38]} Bf6 {[%clk 0:49:33]}
30. Rd7 {[%clk 0:16:52]} Rc1+ {[%clk 0:49:54]} 31. Bf1 {[%clk 0:17:17]} Ra1
{[%clk 0:50:11]} 32. Rxb7 {[%clk 0:17:16]} Rxa2 {[%clk 0:50:36]} 33. Bc4 {[%clk
0:17:33]} Bc3 {[%clk 0:49:25]} 34. Rxf7 {[%clk 0:16:35]} a5 {[%clk 0:49:45]}
35. e4 {[%clk 0:10:02]} a4 {[%clk 0:49:30]} 36. Rf3+ {[%clk 0:09:41]} Kg7
{[%clk 0:49:56]} 37. Rxc3 {[%clk 0:09:48]} Ra1+ {[%clk 0:50:20]} 38. Kg2 {[%clk
0:10:09]} a3 {[%clk 0:50:46]} 39. b4 {[%clk 0:10:03]} a2 {[%clk 0:51:07]} 40.
Ra3 {[%clk 0:10:17]} 1-0